| 000 | | | 04246nac2a22002891x 450 |
| 001 | | | 67daa378-cffe-4c78-992f-caf9b2b62c8c |
| 005 | | | 20160405163513.0 |
| 100 | ## | $a | 20151228l1920 k y0rusy50 ca |
| 101 | 0# | $a | rus |
| 102 | ## | $a | RU |
| 105 | ## | $a | y z ||||| |
| 122 | 0# | $a | d19200805 |
| 200 | 1# | $a | Протокол № 527 заседания Малого Совета Народных Комиссаров от 5 августа 1920 г. и материалы к §§ 4, 7, 9 и 11 протокола. Копия. Материалы к § 2 см. протокол 529, § 1. Материалы к § 3 см. протокол 531, § 13. Материалы к § 5 см. протокол 529, § 6. Материалы к § 6 см. протокол 545, § 2 |
| | $j | 5 августа 1920 |
| 215 | ## | $a | 83 листа |
| 251 | ## | $c | Дело |
| 300 | ## | $a | Заголовок дела на папке: Протокол № 527 заседания МСНК от 5 августа 1920 года и материалы к §§ 4, 7, 9 и 11 |
| 300 | ## | $a | Листы: 1а-1д - фото; 60 - газетный материал |
| 300 | ## | $a | Часть текста рукописная и машинописная, часть - напечатана типографским способом |
| 324 | ## | $a | В деле имеются копии отдельных документов |
| 330 | ## | $a | Входит в раздел описи: I. Секретариат. 1. Протоколы. б/ Протоколы Малого Совета Народных Комиссаров |
| 461 | #0 | $1 | 001ad6baeac-e292-4829-90d1-2f4f65796a62 |
| | $1 | 2001 |
| | $a | СОВЕТ НАРОДНЫХ КОМИССАРОВ РСФСР (СНК РСФСР) |
| | $1 | 251 |
| | $c | Фонд |
| | $1 | 852 |
| | $j | 130 |
| | $g | Р |
| 462 | #0 | $1 | 0017393eac8-aea5-4181-b014-0a5beab45138 |
| | $1 | 2001 |
| | $a | 1920 г. |
| | $v | Д. 76 |
| | $1 | 251 |
| | $c | Опись |
| | $1 | 852 |
| | $j | 4 |
| 517 | 1# | $a | Протокол № 527 заседания МСНК от 5 августа 1920 года и материалы к §§ 4, 7, 9 и 11 |
| 601 | 01 | $3 | RU\NLR\AUTH\661074810 |
| | $a | РСФСР |
| | $b | Совет Народных Комиссаров |
| 801 | #0 | $a | RU |
| | $b | GA_RF |
| 801 | #1 | $a | RU |
| | $b | НПО Опыт |
| | $c | 20151228 |
| | $2 | rusmarc |
| 801 | #2 | $a | RU |
| | $b | ПБ им. Б.Н. Ельцина |
| | $c | 20160405 |
| | $g | RCR |
| | $2 | rusmarc |
| 852 | ## | $a | ГА РФ |
| | $j | 76 |
| 937 | ## | $d | 70208663 |
| | $h | ПБ |
| 035 | ## | $a | RuPRLIB51035279 |